| 000 | 00373nam a2200097Ia 4500 | ||
|---|---|---|---|
| 008 | 160329s9999 xx 000 0 und d | ||
| 245 | _aArXiv.org e-print | ||
| 500 | _aProvides open access to 922,096 e-prints in Physics, Math, Computer Science, Quantitative Biology, Quantitative Finance and Statistics. | ||
| 650 | _aInformation Technology. | ||
| 856 | _uhttp://xxx.lanl.gov/ | ||
| 999 |
_c292981 _d292981 |
||